000 00342nam a2200145Ia 4500
008 230718s9999 xx 000 0 und d
041 _aEng.
082 _a342.02
_bKAG-T
100 _aKagzi Prof. Dr Mc
245 4 _aThe Constitution of India
260 _aPakistan
_bIndia Law House
_c2004
300 _a884
650 _aLaw
999 _c29926
_d29926